| 000 | 00305nam a2200109 4500 | ||
|---|---|---|---|
| 008 | 180212b xxu||||| |||| 00| 0 eng d | ||
| 245 |
_aBreath of life: _bHow to care for your lungs |
||
| 260 |
_aPhilippines _bManila Bulletin _cc2017 |
||
| 300 | _apage C-3. | ||
| 650 | 0 |
_926351 _aRespiratory. |
|
| 942 |
_2ddc _cPER |
||
| 999 |
_c8553 _d8553 |
||